| 000 | 00735cam a22002533a 4500 | ||
|---|---|---|---|
| 001 | 26378 | ||
| 003 | PGUSA | ||
| 005 | 20140828083552.0 | ||
| 008 | 080820s2008||||xxu|||||s|||||000 | eng d | ||
| 040 |
_aPGUSA _beng |
||
| 042 | _adc | ||
| 050 | 4 | _aZ | |
| 100 | 1 |
_aClark, John Willis, _d1833-1910 |
|
| 245 | 1 | 4 |
_aThe Care of Books _h[electronic resource] / _cJohn Willis Clark |
| 260 |
_bProject Gutenberg, _c2008 |
||
| 506 | _aPublic domain in the USA. | ||
| 516 | _aElectronic text | ||
| 653 | _aLibrary fittings and supplies -- History | ||
| 653 | _aLibraries -- History | ||
| 653 | _aLibrary architecture -- History | ||
| 830 | 0 |
_aProject Gutenberg _v26378 |
|
| 856 | 4 | 0 | _uhttp://www.gutenberg.org/ebooks/26378 |
| 942 | _cEB | ||
| 999 |
_c255633 _d255633 |
||